| 000 | 00641nam a2200241 a 4500 | ||
|---|---|---|---|
| 001 | 49612 | ||
| 003 | BD-RJUL | ||
| 005 | 20211209054713.0 | ||
| 008 | 160821s1992 enkabe 000 0 eng d | ||
| 035 | _a(BD-RjUL)49731 | ||
| 040 |
_aBD-RjUL _beng _cBD-RjUL |
||
| 041 | _aeng | ||
| 082 |
_a904 _219 _bKAW 1992 |
||
| 100 |
_aKapoor, Mastram _9148782 |
||
| 245 | 0 | 0 |
_aWorld-famous Disasters / _cMastram Kapoor |
| 250 | _a5th edi. | ||
| 260 |
_aLondon : _bEdward Arnold, _c1992 |
||
| 300 |
_a136 p. : _bill. ; _c22 cm |
||
| 504 | _aIncludes index | ||
| 650 | 0 |
_zDisasters _vHistory. _9148783 |
|
| 942 |
_2ddc _cBK |
||
| 999 |
_c49612 _d49612 |
||